Innovation, markets and sustainable energy : (Record no. 533743)

000 -LEADER
fixed length control field 03688cam a22005057a 4500
001 - CONTROL NUMBER
control field 15738190
003 - CONTROL NUMBER IDENTIFIER
control field OSt
005 - DATE AND TIME OF LATEST TRANSACTION
control field 20200117105759.0
008 - FIXED-LENGTH DATA ELEMENTS--GENERAL INFORMATION
fixed length control field 090513s2009 enkab b 001 0 eng d
010 ## - LIBRARY OF CONGRESS CONTROL NUMBER
LC control number 2009928606
015 ## - NATIONAL BIBLIOGRAPHY NUMBER
National bibliography number GBA936971
Source bnb
016 7# - NATIONAL BIBLIOGRAPHIC AGENCY CONTROL NUMBER
Record control number 015109723
Source Uk
020 ## - INTERNATIONAL STANDARD BOOK NUMBER
International Standard Book Number 9781848441071
020 ## - INTERNATIONAL STANDARD BOOK NUMBER
International Standard Book Number 184844107X
035 ## - SYSTEM CONTROL NUMBER
System control number (OCoLC)ocn277196434
038 ## - RECORD CONTENT LICENSOR
Staff Name MSOHAIL
040 ## - CATALOGING SOURCE
Original cataloging agency BTCTA
Transcribing agency BTCTA
Modifying agency UKM
-- YDXCP
-- BWK
-- BWX
-- CDX
-- OCLCQ
-- STF
-- UBY
-- HEBIS
-- NLGGC
-- DLC
042 ## - AUTHENTICATION CODE
Authentication code lccopycat
050 00 - LIBRARY OF CONGRESS CALL NUMBER
Classification number TP359.H8
Item number I56 2009
082 04 - DEWEY DECIMAL CLASSIFICATION NUMBER
Classification number 333.794 POG
Edition number 22
084 ## - OTHER CLASSIFICATION NUMBER
Classification number 83.65
Number source bcl
100 ## - MAIN ENTRY--PERSONAL NAME
Personal name Stefano Pogutz
9 (RLIN) 27706
245 00 - TITLE STATEMENT
Title Innovation, markets and sustainable energy :
Remainder of title the challenge of hydrogen and fuel cells /
Statement of responsibility, etc. edited by Stefano Pogutz, Angeloantonio Russo, Paolo Migliavacca.
260 ## - PUBLICATION, DISTRIBUTION, ETC.
Place of publication, distribution, etc. Cheltenham, UK ;
-- Northampton, MA :
Name of publisher, distributor, etc. Edward Elgar,
Date of publication, distribution, etc. c2009.
300 ## - PHYSICAL DESCRIPTION
Extent xxix, 237 p. :
Other physical details ill., map ;
Dimensions 24 cm.
504 ## - BIBLIOGRAPHY, ETC. NOTE
Bibliography, etc. note Includes bibliographical references and index.
505 0# - FORMATTED CONTENTS NOTE
Formatted contents note The role of hydrogen in our energy future / Giorgio Simbolotti -- Transition towards sustainable energy systems: the case of hydrogen and fuel cells / Marcello Contestabile -- Fuel cells as disruptive innovation: the power to change markets / Paul Harborne, Chris Hendry and James Brown -- Build-up of a hydrogen infrastructure / Martin Wietschel, Philipp Seydel and Michael Ball -- Networks dynamics, innovation and fuel cell technologies: shaping a new industry / Stefano Pogutz, Angeloantonio Russo and Paolo Migliavacca -- Rate and dimensions of the technological knowledge base underlying fuel cell innovations: evidence from patent data / Ludovic Dibiaggio and Maryam Nasiriyar -- Balancing exploration and exploitation across firm boundaries: intra- and interorganizational learning in the fuel cell industry / Clodia Vurro and Angeloantonio Russo / Financing fuel cell market development: exploring the role of expectation dynamics in venture capital investment / Rolf Wustenhagen ... [et al.] -- The introduction of fuel cell technologies in the automotive industry: state of the art and perspectives / Paul Nieuwenhuis -- Early markets for fuel cells: an assessment of their contribution to a future hydrogen economy / Paolo Agnolucci -- Market coordination and network effects: the case of the European hydrogen and fuel cell technology platform / Stian Nygaard and Annika Rickne -- The American hydrogen strategy: cooperation in public policy / Clovis Zapata -- Japan's fuel cell technology: policy and progress / Yuko Harayama, Philippe Larrue and Kuniaki Honda -- Hydrogen: origins and where to go from here? / Marieke Reijalt.
520 8# - SUMMARY, ETC.
Summary, etc. Adopting a cross-sectional and international perspective, this title analyses the implications of introducing fuel cell technologies into the industrial system and explores the complexity of market development for new technological solutions.
650 #0 - SUBJECT ADDED ENTRY--TOPICAL TERM
Topical term or geographic name entry element Hydrogen as fuel.
9 (RLIN) 3377
650 #0 - SUBJECT ADDED ENTRY--TOPICAL TERM
Topical term or geographic name entry element Fuel cells.
9 (RLIN) 27707
650 #0 - SUBJECT ADDED ENTRY--TOPICAL TERM
Topical term or geographic name entry element Renewable energy sources
General subdivision Economic aspects.
9 (RLIN) 27708
650 #0 - SUBJECT ADDED ENTRY--TOPICAL TERM
Topical term or geographic name entry element Renewable energy sources
General subdivision Technological innovations.
9 (RLIN) 27709
650 17 - SUBJECT ADDED ENTRY--TOPICAL TERM
Topical term or geographic name entry element Duurzame energie.
Source of heading or term gtt
9 (RLIN) 27710
650 17 - SUBJECT ADDED ENTRY--TOPICAL TERM
Topical term or geographic name entry element Waterstof.
Source of heading or term gtt
9 (RLIN) 27711
650 17 - SUBJECT ADDED ENTRY--TOPICAL TERM
Topical term or geographic name entry element Brandstofcellen
Source of heading or term gtt
9 (RLIN) 27712
650 07 - SUBJECT ADDED ENTRY--TOPICAL TERM
Topical term or geographic name entry element Wasserstoff.
Source of heading or term swd
9 (RLIN) 27713
650 07 - SUBJECT ADDED ENTRY--TOPICAL TERM
Topical term or geographic name entry element Brennstoffzelle.
Source of heading or term swd
9 (RLIN) 27714
650 07 - SUBJECT ADDED ENTRY--TOPICAL TERM
Topical term or geographic name entry element Erneuerbare Energien.
Source of heading or term swd
9 (RLIN) 27715
700 1# - ADDED ENTRY--PERSONAL NAME
Personal name Pogutz, Stefano.
9 (RLIN) 27716
700 1# - ADDED ENTRY--PERSONAL NAME
Personal name Russo, Angelantonio.
9 (RLIN) 27717
700 1# - ADDED ENTRY--PERSONAL NAME
Personal name Migliavacca, Paolo.
9 (RLIN) 27718
906 ## - LOCAL DATA ELEMENT F, LDF (RLIN)
a 7
b cbc
c copycat
d 2
e ncip
f 20
g y-gencatlg
942 ## - ADDED ENTRY ELEMENTS (KOHA)
Source of classification or shelving scheme
Koha item type Book
Holdings
Withdrawn status Lost status Source of classification or shelving scheme Damaged status Not for loan Permanent Location Current Location Date acquired Total Checkouts Full call number Barcode Date last seen Price effective from Koha item type
          School of Civil and Environmental Engineering (SCEE) School of Civil and Environmental Engineering (SCEE) 01/17/2020   333.794 POG NIT-13058 01/17/2020 01/17/2020 Book
© 2023 Central Library, National University of Sciences and Technology. All Rights Reserved.